00982nam a2200217 a 450000100100000000500170001000800410002704000250006808200200009310000250011324500440013826000370018230000270021950000630024659000260030991000370033595201330037295201180050595201240062399900170074700001717820250130114120.0100319s19uu dr a 000 p spa d aDO-SdBNPbspacBNPHU aRD861.44bM425e1 aMateo, Tirso,92928510aÉpica de mi Quisqueya /cTirso Mateo. aSanto Domingo :b[s.n],c[19--]. a86 p. :bil. ;c22 cm. aIncluye datos biográficos del autor en la contracubierta aInventariado, 2018/LP aValidado. Control de calidad MFF 001054708DSaGRbGRcHDd2013-06-03iLF1l0oRD861.44 M425ep17178-30r2020-06-25te. 3w2020-06-25yLFDSZPréstamo en sala 0010718PDaPDbPDcHDd2010-03-19iLF1l0oRD861.44 M425ep17178-10r2020-06-25w2020-06-25yLFPDZNo se presta 0010718PDaPDbPDcHDd2010-03-19iLF1l0oRD861.44 M425ep17178-20r2020-06-25te. 2w2020-06-25yLFPDZNo se presta c16704d16704